00349nam a2200121Ia 4500082001200000100001600012245007900028260003300107300002100140650002900161650001900190710001800209 aTR.0113 aRam Chander 0aCost-output analysis in relation to the systems of landholdings in Haryana c1972bKurukshetra University a146p. + C D - 52 aFARM VALUATION - HARYANA aLAND - HARYANA aMishra, Vikas